00603 2200205 4500001002100000005001700021008004100038035002400079082001500103090002500118110002000143245004800163260008700211300001800298650003200316850001500348980001300363985000600376999001500382YOGYA-0209000006038320090227035757.0 ind  0010-020900000060383 a899.221 61 a899.221 61bMus WlT aMUSEUM NASIONAL aWawacan babad KimbangantencMuseum Nasional aJakartabDepdikbud Proyek Penerbitan Buku Bacaan dan Sastra Indonesia dan Daer1982 a72 hlmc22 cm aKesasteraan Sunda - Tembang aYOPDYOG(B) a05-08-08 a1 aa000062290